The Company Law (Record no. 1680178)

MARC details
000 -LEADER
fixed length control field 00613nam a2200241Ia 4500
003 - CONTROL NUMBER IDENTIFIER
control field OSt
005 - DATE AND TIME OF LATEST TRANSACTION
control field 20260224165534.0
008 - FIXED-LENGTH DATA ELEMENTS--GENERAL INFORMATION
fixed length control field 26022450409s9999 xx 000 0 eng d
020 ## - INTERNATIONAL STANDARD BOOK NUMBER
International Standard Book Number 9789351453307
037 ## - SOURCE OF ACQUISITION
Stock number Textbook
040 ## - CATALOGING SOURCE
Original cataloging agency LCT
Language of cataloging eng
Transcribing agency LCT
041 ## - LANGUAGE CODE
Language code of text/sound track or separate title eng
Source of code eng
084 ## - COLON CLASSIFICATION NUMBER
Classification number Z,181/ Q15
Assigning agency LCT
100 ## - MAIN ENTRY--PERSONAL NAME
Personal name Singh, Avtar
245 #4 - TITLE STATEMENT
Title The Company Law
Statement of responsibility, etc. by Avtar Singh
250 ## - EDITION STATEMENT
Edition statement 16th ed.
260 ## - PUBLICATION, DISTRIBUTION, ETC.
Place of publication, distribution, etc. Lucknow
Name of publisher, distributor, etc. Eastern Book Company
Date of publication, distribution, etc. 2015
300 ## - PHYSICAL DESCRIPTION
Extent cxliv, 783p.
365 ## - TRADE PRICE
Price type code INR
Price amount 545
650 ## - SUBJECT ADDED ENTRY--TOPICAL TERM
Topical term or geographic name entry element Law
942 ## - ADDED ENTRY ELEMENTS (KOHA)
Koha item type Textbook
Classification part Z,181/ Q15
Source of classification or shelving scheme Colon Classification (CC)

No items available.

Copyright @ Delhi University Library System